Europe's Largest 9-Letter Cities - Statistics

General Stats
  • This quiz has been taken 114 times
    109 since last reset
  • The average score is 11 of 22
Answer Stats
Pop Country City % Correct
4.61 mil Spain Barcelona
95%
1.93 mil Netherlands Amsterdam
94%
3.49 mil Netherlands Rotterdam
93%
2.23 mil Romania Bucharest
90%
2.01 mil Sweden Stockholm
90%
1.68 mil U.K. Liverpool
83%
1.36 mil France Marseille
82%
2.23 mil Germany Stuttgart
74%
666 k U.K. Edinburgh
59%
1.23 mil Germany Nuremberg
48%
1.42 mil Russia Volgograd
45%
1.15 mil U.K. Sheffield
41%
801 k Netherlands Eindhoven
40%
692 k U.K. Leicester
28%
913 k Belgium Charleroi
25%
750 k Germany Bielefeld
22%
968 k Russia Krasnodar
16%
794 k Germany Karlsruhe
14%
843 k Germany Wuppertal
11%
625 k Russia Astrakhan
8%
654 k Russia Ulyanovsk
7%
685 k Ukraine Kryvyi Rih
5%
No matching quizzes found
Score Distribution
Percent of People with Each Score
Percentile by Number Answered
Your Score History
You have not taken this quiz since the last reset